00579nam a2200169Ia 4500008004100000020001500041041001200056082001600068100001700084245004600101260005400147300000800201650000700209942000700216999001500223952017100238221030s9999 xx 000 0 und d a8122403026 aEnglish a105.23bWad aC. L. Wadhwa 0aElectrical Power Systemscby C. L. Wadhwa bNew Age International, New DelhiaNew Delhic1997 a752 aEE cBK c7088d7088 pBE 3148g235.00l0o105.23 Wadr2024-06-13 00:00:00w2022-10-30yBK003Print4070aMIETLIBbMIETLIBcBL-Academic Block C, FL-2, CUP-34, SH-5, R-5d2001-03-1910HBE